| 000 | 00879nam a22002055i 4500 | ||
|---|---|---|---|
| 001 | 158875 | ||
| 003 | ES-MaACL | ||
| 005 | 20250729045857.0 | ||
| 008 | 000718s1876 sp |||| | spa d | ||
| 040 |
_aCCPB | B _bspa _cCCPB | B |
||
| 100 | 1 |
_aMartín, Melitón. _977355 |
|
| 245 | 1 | 0 |
_aConato de clasificación de los conocimientos humanos en el Siglo XIX / _cpor Meliton Martín. |
| 260 |
_aMadrid : _b[s.n.], _c1876 ( _fimprenta de Segundo Martínez) |
||
| 300 |
_a27 p., 4 h. pleg. ; _c40 cm. |
||
| 530 | _aDisponible en formato digital. | ||
| 650 | 7 |
_aClasificación de las ciencias _2embne _9135780 |
|
| 852 |
_aES-MaACL _jT-325-F-1 _z-- Enc. hol. _q-- Falto de la cub. original _z-- Enc. en un vol. facticio _x-- Edic.: 27 p., [4] h. pleg. |
||
| 856 |
_uhttp://bdh-rd.bne.es/viewer.vm?id=0000090136&page=1 _zBiblioteca Digital Hispánica |
||
| 999 |
_c158875 _d158875 |
||